00264nam a2200109 4500020001800000082001200018100001800030245004100048260004200089300000900131650001400140 a9780199141883 a540 LEW aLewis,Michael aAdvanced Chemistry:revision handbook aOxfordbOxford university pressc1997 a72 p achemistry